1001 Beastly body facts

Bibliographic Details
Main Author: Otway, Helen
Other Authors: illustrated by Steve Beaumont and Dynamo ltd
Format: Book
Published: London : Arcturus publishing limited 2009
Subjects:

MARC

LEADER 00000cam a2200000 7i4500
001 0000034471
005 20151222.0
008 121004
020 |a 1848372283 
090 0 0 |a JF   |b SC ENG 
100 1 |a Otway, Helen 
245 1 0 |a 1001 Beastly body facts   |c Helen Otway 
260 |a London :   |b Arcturus publishing limited 2009 
500 |a Children ages 7-9 years old (orange) 
650 0 |a Human body   |x juvenile literature 
650 0 |a Sciences   |x Human body 
700 1 |a illustrated by Steve Beaumont and Dynamo ltd 
999 |a 0001158392   |b Book   |c Children Collection   |e Perbadanan Perpustakaan Awam Johor